000 00409nam a22001457a 4500
008 230331b |||||||| |||| 00| 0 eng d
020 _a978-1-4711-8144-3
082 _a813.54
100 _aScott Westerfeld
245 _aUglies;
_bin a world of extreme beauty, anyone normal is ugly
260 _bSimon & Schuster,
_c2018
300 _a425 p.
_c20 cm
942 _2ddc
999 _c9439
_d9440